000 01034cam a2200289 a 4500
001 35141
003 BD-RjUL
005 20211209052252.0
008 140521r1968 enk 001 0 eng d
020 _a0710063652
020 _a071006179X (pbk)
035 _a(BD-RjUL)35235
040 _aDLC
_beng
_cDLC
_dBD-RjUL
041 _aeng
082 0 4 _a301.424
_bMAS 1968
100 1 _aMalinowski, Bronislaw,
_d1884-1942.
_95789
245 1 4 _aThe sexual life of savages in north-western Melanesia :
_ban ethnographic account of courtship, marriage and family life among the natives of the Trobriand Islands, British New Guinea /
_cby Bronislaw Malinowski ; with a preface by Havelock Ellis
250 _a3rd ed.
260 _aLondon :
_bRoutledge,
_c1932 [reprinted 1968].
300 _axlix, 505 p., [96] p. :
_bill., ;
_c22 cm.
504 _aincludes index.
650 0 _aEthnology
_zTrobriand Islands
_9107012
650 0 _aFamilies.
_9107013
650 0 _aSex
_9107014
650 0 _aPrimitive societies
_934457
942 _2ddc
_cBK
999 _c35141
_d35141